Polzučesť i razrušenije

Salvato in:
Dettagli Bibliografici
Autore principale: Miller, K (Autore)
Natura: Libro
Lingua:russo
Pubblicazione: Moskva : Metallurgija, 1986
Soggetti:
Tags: Aggiungi Tag
Nessun Tag, puoi essere il primo ad aggiungerne!!

MARC

LEADER 00000nam a22000003a 4500
001 stu39421
005 20150617225721.8
008 930126s1986----xxr-----------------rus-d
040 |a STU  |b slo 
041 0 |a rus 
044 |a xxr 
080 |a 539.37 
100 1 |a Miller, K  |4 aut 
245 1 |a Polzučesť i razrušenije 
260 |a Moskva :  |b Metallurgija,  |c 1986 
300 |a 118 s 
500 |a prel. z angl.orig. 
650 7 |a pružnosť  |2 stusub 
650 7 |a deformácie  |2 stusub 
996 |c V*34178/O-14074  |l VV7  |s P  |a 0  |w stu39421_0001 
996 |b 284M061737  |c M*987-1  |l MMKN  |s A  |a 24  |w stu39421_0002